Redescubrimiento de América / (Record no. 65035)

MARC details
000 -LEADER
campo de control de longitud fija 01008nam a2200253 i 4500
001 - NÚMERO DE CONTROL
campo de control 65035
003 - IDENTIFICADOR DE NÚMERO DE CONTROL
campo de control ES-MaACL
005 - FECHA Y HORA DE LA ÚLTIMA TRANSACCIÓN
campo de control 20250830220940.0
007 - CAMPO FIJO DE DESCRIPCIÓN FÍSICA--INFORMACIÓN GENERAL
campo de control de longitud fija t|
008 - DATOS DE LONGITUD FIJA--INFORMACIÓN GENERAL
campo de control de longitud fija 040108s1930 sp ||||1| spa d
100 1# - ENTRADA PRINCIPAL--NOMBRE DE PERSONA
Nombre de persona Frank, Waldo.
9 (RLIN) 52316
245 10 - MENCIÓN DEL TÍTULO
Título Redescubrimiento de América /
Mención de responsabilidad, etc. Waldo Frank ; traducción del inglés por J. Héctor de Zaballa.
250 ## - MENCION DE EDICION
Mención de edición 2ª ed.
260 ## - PUBLICACIÓN, DISTRIBUCIÓN, ETC.
Lugar de publicación, distribución, etc. Madrid :
Nombre del editor, distribuidor, etc. Revista de Occidente,
Fecha de publicación, distribución, etc. [1930]
300 ## - DESCRIPCIÓN FÍSICA
Extensión 276 p. ;
Dimensiones 23 cm.
510 ## - NOTA DE CITAS O REFERENCIAS BIBLIOGRÁFICAS
Nombre de la fuente CCPB,
Localización dentro de la fuente 001225600-5.
651 #4 - PUNTO DE ACCESO ADICIONAL DE MATERIA--NOMBRE GEOGRÁFICO
Nombre geográfico Estados Unidos-
Subdivisión general Civilización
9 (RLIN) 8535
700 1# - ENTRADA AGREGADA--NOMBRE PERSONAL
Nombre de persona Héctor de Zaballa, Julia.
9 (RLIN) 171926
852 ## - LOCALIZACIÓN
Ubicación ES-MaACL
Número de control de estantería D-6534
itemnumber 67471
Sublocalización o colección R.M.6125
Ubicación en estantería Sala Valle Inclán
Marcas de propiedad Sello en tinta azul de la Biblioteca del Ateneo de Madrid.
-- Sello en tinta azul en anteportada de la Librería Enrique Prieto.
condición física El libro no tiene cubierta y el lomo está dañado.
Nota libre Sello en tinta azul en portada: "11.ENE."
942 ## - ELEMENTOS DE ENTRADA SECUNDARIOS (KOHA)
Fuente del sistema de clasificación o colocación Clasificación decimal universal
Tipo de ítem Koha Libro impreso
Holdings
Estatus retirado Estado de pérdida Estado de daño No para préstamo Biblioteca de origen Biblioteca actual Ubicación en estantería Fecha de adquisición Fuente de adquisición Total de préstamos Signatura topográfica completa Código de barras Visto por última vez Precio de reemplazo Tipo de ítem Koha
        Biblioteca del Ateneo de Madrid Biblioteca del Ateneo de Madrid Sala Valle Inclán 17/01/2008     D-6534 901068140 23/02/2023 23/02/2023 Libro impreso